000 00595nam a2200133Ia 4500
008 171212s9999 xx 000 0 und d
020 _a9780833027436
100 _aByman, Daniel;McGinn, John G.;Crane, Keith;Jones, Seth G.;Lal, Rollie;Lesser, Ian O.
245 _cByman, Daniel;McGinn, John G.;Crane, Keith;Jones, Seth G.;Lal, Rollie;Lesser, Ian O.
_aAir Power as a Coercive Instrument
260 _bRAND Corporation
_c1999
650 _aAir power -- United States; Air power; Military planning -- United States
650 _aPolitical Science
856 _uwww.jstor.org/stable/10.7249/mr1061af
999 _c351696
_d351696